000 01506nam0a2200409 4500
001 RU\NLR\bibl\334153
005 20250621145547.0
010 _a5-7749-0260-9
_bВ пер.
_92000
021 _aRU
_b2002-41637
_92023
035 _a(NLR Aleph) 000329095
090 _a145492
_c145492
100 _a20021110d2002 |||y0rusy50 ca
101 0 _arus
102 _aRU
105 _aa |||||||||
200 1 _aМежбюджетные отношения и управление региональными финансами
_eОпыт. Проблемы. Перспективы
_fВ.Б. Христенко
210 _aМ.
_cДело
_d2002
215 _a606, [1] с.
_cил.
_d25
320 _aБиблиогр.: с. 263-272
606 0 _aМежбюджетные отношения
_92131211
_3RU\NLR\auth\661285715
606 0 _aМестный бюджет
_xУправление
_92266145
_3RU\NLR\auth\661358465
610 0 _aБюджетная политика Российской Федерации
610 0 _aФинансы - Управление
675 _a336.1:352
_v3
_zrus
686 _a06.75
_2rugasnti
686 _a65.261.8
_2rubbk
686 _aУ26(0)131
686 _aУ26(2)134.06
686 _aУ26(2)131
700 1 _aХристенко
_bВ. Б.
_f1957-
_gВиктор Борисович
_4070
801 0 _aRU
_bRKP
_c20021110
_gPSBO
801 1 _aRU
_bRKP
_c20021110
801 2 _aRU
_bNLR
_c20021205
_grcr
942 _cBOOK
980 _aNB